<?xml version="1.0" encoding="UTF-8"?>
<record
    xmlns:xsi="http://www.w3.org/2001/XMLSchema-instance"
    xsi:schemaLocation="http://www.loc.gov/MARC21/slim http://www.loc.gov/standards/marcxml/schema/MARC21slim.xsd"
    xmlns="http://www.loc.gov/MARC21/slim">

  <leader>03889nam a2200409 a 4500</leader>
  <controlfield tag="001">BRCA_4924</controlfield>
  <controlfield tag="005">20190320204848.0</controlfield>
  <controlfield tag="008">211010m18241849mx-####f#v---#000-0#spa-#</controlfield>
  <datafield tag="041" ind1=" " ind2=" ">
    <subfield code="a">spa</subfield>
  </datafield>
  <datafield tag="044" ind1=" " ind2=" ">
    <subfield code="a">mx</subfield>
  </datafield>
  <datafield tag="084" ind1=" " ind2=" ">
    <subfield code="a">DOC19</subfield>
    <subfield code="b">.H47</subfield>
    <subfield code="c">1824</subfield>
  </datafield>
  <datafield tag="100" ind1="1" ind2=" ">
    <subfield code="a">Herrera Ricardos, Jos&#xE9; Joaqu&#xED;n de</subfield>
    <subfield code="d">1792-1854</subfield>
    <subfield code="9">12484</subfield>
  </datafield>
  <datafield tag="245" ind1="1" ind2="0">
    <subfield code="a">Documento firmado por Jos&#xE9; Joaqu&#xED;n de Herrera Ricardos</subfield>
    <subfield code="c">Jos&#xE9; Joaqu&#xED;n de Herrera Ricardos ... [et al.]</subfield>
  </datafield>
  <datafield tag="260" ind1=" " ind2=" ">
    <subfield code="a">M&#xE9;xico</subfield>
    <subfield code="c">1824-1849</subfield>
  </datafield>
  <datafield tag="300" ind1=" " ind2=" ">
    <subfield code="a">[4] fojas</subfield>
    <subfield code="c">31 x 21 cm</subfield>
  </datafield>
  <datafield tag="500" ind1=" " ind2=" ">
    <subfield code="a">Primer folio: En la parte superior, Escudo del Gobierno Nacional de M&#xE9;xico  (&#xC1;guila Real) con la inscripci&#xF3;n: SELLO SEGUNDO DOCE REALES. Para los a&#xF1;os de mil ochocientos veinticinco. Escudo Nacional abultado en la parte inferior. Encabezado: EL SUPREMO PODER EJECUTIVO. Nombrado provisionalmente por el Soberano Congreso Constituyente Mexicano. Siendo Presidente Don Jos&#xE9; Joaqu&#xED;n de Herrera, se le concede grado de Capit&#xE1;n del Ej&#xE9;rcito al Teniente del Batall&#xF3;n Don Manuel L&#xF3;pez a partir del 12 de diciembre de 1821, por sus m&#xE9;ritos y servicios a la Independencia de M&#xE9;xico, dado en el Palacio de M&#xE9;xico el 23 de enero de 1824. Firmas aut&#xF3;grafas de Don Jos&#xE9; Mariano Michelena, Don Miguel Dominguez, Don Jos&#xE9; Joaqu&#xED;n de Herrera. Ausente el se&#xF1;or Guerrero en comisi&#xF3;n al servicio. Reverso: Acuse de recibido de la Comandancia General del Estado de Guanajuato, de la Tesorer&#xED;a Principal del Cuartel de Guanajuato y de la Oficina de Tropa de la Tesorer&#xED;a de Guanajuato.</subfield>
  </datafield>
  <datafield tag="500" ind1=" " ind2=" ">
    <subfield code="a">Segundo folio: En la parte superior del  Escudo Nacional (&#xC1;guila Real) e inscripci&#xF3;n: SELLO CUARTO DE OFICIO, sello lacrado. Para los a&#xF1;os de mil ochocientos cuarenta y milochocientos cuarenta y uno. Al marg&#xE9;n: Destinado solamente para las causas criminales que se sigan de oficio en todos los juzgados y tribunales de la Rep&#xFA;blica. Contiene una consulta del se&#xF1;or alcabalas y contribuciones directas al se&#xF1;or Tesorero Departamental de Guanajuato sobre si se debe continuar pagando sus sueldos a los cesantes y militares retirados que han continuado prestando sus servicios en algunas oficinas. Fechado en M&#xE9;xico el 9 de febrero de 1845</subfield>
  </datafield>
  <datafield tag="500" ind1=" " ind2=" ">
    <subfield code="a">Tercer folio: Concesi&#xF3;n de un Escudo de Distinci&#xF3;n a Don Manuel L&#xF3;pez subteniente del Regimiento de Toluca, otorgada por el Virrey de Nueva Espa&#xF1;a Don Juan Ru&#xED;z de Apodaca, el 19 de junio de 1818 por haberse distinguido contra los rebeldes en el Sitio y Toma del Fuerte Jauqilla. Firmado en M&#xE9;xico por Don Juan Ru&#xED;z de Apodaca y Patricio Romana. En la parte superior grabado el emblema espa&#xF1;ol.</subfield>
  </datafield>
  <datafield tag="500" ind1=" " ind2=" ">
    <subfield code="a">Cuarto folio: Al marg&#xE9;n sello de la aduana de Cuautitl&#xE1;n constancia del pago de un peso cuatro centavos de diferencia del precio del papel de acuerdo con el decreto de 20 de abril de 1848. Firmado en M&#xE9;xico el 3 de enero de 1849 por Marcos Moreno, Manuel Morales y Manuel Dur&#xE1;n.</subfield>
  </datafield>
  <datafield tag="500" ind1=" " ind2=" ">
    <subfield code="a">Documento con escudo del &#xE1;guila republicana en las fojas 1 y 3 y escudo de armas de Juan Ru&#xED;z de Apodaca en la foja 4</subfield>
  </datafield>
  <datafield tag="500" ind1=" " ind2=" ">
    <subfield code="a">El documento tiene la leyenda DOC. #28</subfield>
  </datafield>
  <datafield tag="500" ind1=" " ind2=" ">
    <subfield code="a">Papel con marca de agua</subfield>
  </datafield>
  <datafield tag="506" ind1="0" ind2=" ">
    <subfield code="a">Fondo reservado: para su consulta es necesario credencial de usuario y carta de motivos</subfield>
  </datafield>
  <datafield tag="546" ind1=" " ind2=" ">
    <subfield code="a">Texto en: espa&#xF1;ol a mediados del siglo XIX</subfield>
  </datafield>
  <datafield tag="600" ind1="1" ind2="4">
    <subfield code="a">Herrera Ricardos, Jos&#xE9; Joaqu&#xED;n de</subfield>
    <subfield code="d">1792-1854</subfield>
    <subfield code="9">12484</subfield>
  </datafield>
  <datafield tag="651" ind1=" " ind2="4">
    <subfield code="a">M&#xE9;xico</subfield>
    <subfield code="v">Impreso con r&#xFA;bricas</subfield>
    <subfield code="x">Historia</subfield>
    <subfield code="y">Federalismo y centralismo, 1824-1853</subfield>
    <subfield code="9">12485</subfield>
  </datafield>
  <datafield tag="700" ind1="1" ind2=" ">
    <subfield code="a">L&#xF3;pez, Don Manuel</subfield>
    <subfield code="c">Capit&#xE1;n</subfield>
    <subfield code="d">1780-1860</subfield>
    <subfield code="9">12486</subfield>
  </datafield>
  <datafield tag="700" ind1="1" ind2=" ">
    <subfield code="a">Mariano de Michelena, Jos&#xE9;</subfield>
    <subfield code="d">1772-1852</subfield>
    <subfield code="9">12487</subfield>
  </datafield>
  <datafield tag="700" ind1="1" ind2=" ">
    <subfield code="a">Dominguez Alem&#xE1;n, Miguel Ram&#xF3;n</subfield>
    <subfield code="d">1756-1830</subfield>
    <subfield code="9">12488</subfield>
  </datafield>
  <datafield tag="700" ind1="1" ind2=" ">
    <subfield code="a">Ru&#xED;z de Apodaca, Juan</subfield>
    <subfield code="d">1754-1835</subfield>
    <subfield code="9">12489</subfield>
  </datafield>
  <datafield tag="700" ind1="1" ind2=" ">
    <subfield code="a">Romana, Patricio</subfield>
    <subfield code="9">12490</subfield>
  </datafield>
  <datafield tag="700" ind1="1" ind2=" ">
    <subfield code="a">Moreno, Marcos</subfield>
    <subfield code="9">12491</subfield>
  </datafield>
  <datafield tag="700" ind1="1" ind2=" ">
    <subfield code="a">Morales, Manuel</subfield>
    <subfield code="9">12492</subfield>
  </datafield>
  <datafield tag="700" ind1="1" ind2=" ">
    <subfield code="a">Dur&#xE1;n, Manuel</subfield>
    <subfield code="9">9825</subfield>
  </datafield>
  <datafield tag="902" ind1=" " ind2=" ">
    <subfield code="a">FDH</subfield>
  </datafield>
  <datafield tag="942" ind1=" " ind2=" ">
    <subfield code="2">lcc</subfield>
    <subfield code="c">D</subfield>
  </datafield>
  <datafield tag="999" ind1=" " ind2=" ">
    <subfield code="c">4618</subfield>
    <subfield code="d">4618</subfield>
  </datafield>
  <datafield tag="952" ind1=" " ind2=" ">
    <subfield code="0">0</subfield>
    <subfield code="1">0</subfield>
    <subfield code="4">0</subfield>
    <subfield code="7">0</subfield>
    <subfield code="a">BRCA</subfield>
    <subfield code="b">BRCA</subfield>
    <subfield code="d">2010-10-21</subfield>
    <subfield code="l">0</subfield>
    <subfield code="o">DOC19 .H47 1824</subfield>
    <subfield code="p">4985</subfield>
    <subfield code="r">2019-03-22 00:00:00</subfield>
    <subfield code="w">2019-03-22</subfield>
    <subfield code="y">D</subfield>
  </datafield>
</record>
